000 00224 a2200109 4500
020 _a9780670881505
041 _aspa
100 _aAnonimo
245 _aA favourite treasury of childrens stories
942 _cBK
952 _71
999 _c18691
_d18691